Zobrané spisy. 30 : Júl 1916 - február 1917 /

Salvato in:
Dettagli Bibliografici
Autore principale: Lenin, Vladimír Iljič (Autore)
Natura: Libro
Lingua:slovacco
Pubblicazione: Bratislava : Pravda, 1985
Edizione:2.vyd.
Tags: Aggiungi Tag
Nessun Tag, puoi essere il primo ad aggiungerne!!

MARC

LEADER 00000nam a22000003a 4500
001 stu8994
005 20150617225806.9
008 960508s1985----cs------------------slo-d
040 |a STU  |b slo 
041 0 |a slo 
044 |a cs 
080 |a 100.13(081) 
100 1 |a Lenin, Vladimír Iljič  |4 aut 
245 1 |a Zobrané spisy. 30 :  |b Júl 1916 - február 1917 /  |c [aut.] Lenin,Vladimír Iljič 
250 |a 2.vyd. 
260 |a Bratislava :  |b Pravda,  |c 1985 
300 |a 658 s 
996 |b E58855  |c E*58855  |l EE06  |s P  |a 0  |w stu8994_0001